Statistics for SWFC League Players 2018/19

Click here to take the quiz!

General Stats

  • This quiz has been taken 5 times
  • The average score is 25 of 30

Answer Stats

Answer% Correct
Rolando Aarons
100%
Barry Bannan
100%
Kieren Westwood
100%
Adam Reach
100%
Matt Penney
100%
Liam Palmer
100%
Josh Onomah
100%
Atdhe Nuhiu
100%
Marco Matias
100%
Tom Lees
100%
Achraf Lazaar
100%
Steven Fletcher
100%
Fernando Forestieri
100%
Cameron Dawson
100%
Gary Hooper
100%
Michael Hector
100%
Morgan Fox
100%
Ashley Baker
80%
Jordan Thorniley
80%
Dominic Iorfa
80%
Lucas Joao
80%
Sam Hutchinson
80%
Sam Winnall
80%
Daniel Pudil
60%
George Boyd
60%
Connor Kirby
60%
Joey Pelupessy
40%
Fraser Preston
40%
Joost van Aken
20%
David Jones
20%

Score Distribution

Percentile by Number Answered

Percent of People with Each Score

Your Score History

You have not taken this quiz